000 01187nam2a22002411 4500
001 rc\4410730
005 20250612074331.0
021 _aRU
_b[68-55568]
035 _a(NLR Aleph) 008564132
090 _a8484296
_c8484296
100 _a20130416d1968 |||y0rusy50 ca
101 0 _arus
102 _aRU
105 _aa z |||||
200 1 _aКороткие замыкания
210 _d1968
_aБ. м.
215 _a140 с.
_cчерт.
461 0 _1001rc\4410729
_12001#$aПереходные процессы в электрических сетях и системах$eЧ. 1-$fМ-во высш. и сред. спец. образования РСФСР. Сарат. политехн. ин-т$vЧ. 1
_1700#1$aДороднов$bП.Г.$gПавел Георгиевич
_98484291
_aДороднов, П.Г.
_cСаратов
_d1968-
_fМ-во высш. и сред. спец. образования РСФСР. Сарат. политехн. ин-т
_nБ. и.
_oЧ. 1-
_tПереходные процессы в электрических сетях и системах
_vЧ. 1
801 0 _aRU
_bNLR
_gpsbo
801 1 _aRU
_bELAR
_2rusmarc
852 _aNLR
_j68-3/4603
942 _cBOOK
980 _aNB